Statystyki dla Komendy/Kody do gry The Sims 4

Kliknij tutaj aby rozwiązać quiz!

Ogólne statystyki

  • Ten quiz został rozwiązany 142 razy
  • Średni wynik to 11 z 30

Statystyki odpowiedzi

ZagadnienieOdpowiedź% Poprawnych
Dodaje 50 000 simoleonówmotherlode
95%
Włącza/wyłącza tryb pełnoekranowyfullscreen
85%
Dodaje 1000 simoleonówkaching lub rosebud
68%
Ustawia poziom umiejętności Łowienia rybstats.set_skill_level Major_Fishing [1-10]
57%
Ustawia poziom umiejętności Pieczeniastats.set_skill_level Major_Baking [1-10]
56%
Resetuje wybranego simaresetsim [imię][nazwisko]
53%
Pokazuje listę dostępnych komendhelp
50%
Które przyciski pozwalają na podwyższanie i obniżanie obiektów (przy włączonym bb.moveobjects)?Ctrl + 9/0
49%
Który przycisk pozwala umieszczać obiekty poza kratkami?Alt
48%
Usuwa kryształek i inne efekty znad głowy sim\aheadlineeffects on/off
48%
Wszystkie posiłki stają się niekończące i niepsująceobjects.consumables_infinite_toggle true
47%
Który przycisk likwiduje kratki w trybie budowania?G
43%
Zmienia koszt zakupu każdego domu na 0freerealestate on/off
39%
Które przyciski pozwalają na powiększenie rozmiaru zaznaczonego obiektuShift + ]
39%
Które przyciski pozwalają na tworzenie ćwiartek pokryć podłogowych?Shift + F
36%
Włącza i wyłącza nieśmiertelność SimówDeath.toggle true/false
33%
Awans o jedno stanowiskocareers.promote [kariera]
31%
Dodaje 50 punktów do znajomości Sima i zwierzakamodifyrelationship [Imię Sima][Imię Zwierzaka] 50LTR_SimToPet_Friendship_Main
31%
Generuj wybraną liczbę Simówsims.spawnsimple [liczba Simów]
24%
Spełnia aktualny poziom aspiracjiaspirations.complete_current_milestone
23%
Dodaje do twojej rodziny losowego Simasims.Spawn
23%
Powoduje uderzenie piorunasummon_lighting_strike
21%
Usuwa biały kontur wokół Simów i obiektówhovereffects on/off
20%
Które przyciski pozwalają na możliwość wielokrotnego stawiania tego samego obiektu, bez konieczności jego każdorazowego wybierania?Shift + E
19%
Simowie będą mieli gorączkę przez trzy godzinyFever_severe
17%
Sprawia, że rachunki będą opłacane automatyczniehouseholds.autopay_bills
14%
Resetuje aktualnie wybranego Sima, anulując wszystkie zaprogramowane czynnościsims.hard_reset
14%
Simowie będą się śmiali przez dwie godzinyGiggly_mild
12%
Które przyciski pozwalają na bardziej swobodne edytowanie dachów?Shift + C
12%
Zmienia porę roku na następnąadvance_season
6%

Rozkład punktacji

Percentyl według liczby udzielonych odpowiedzi

Procent ludzi z każdym wynikiem

Twoja historia wyników

Nie rozwiązałeś tego quizu